000 01100cab a2200313 4500
001 WB3114-40
008 090401t1995 xxu||||| |||| 00| 0 eng d
035 _a(Sirsi) u46308
041 _aeng
245 _aMayfair estate
260 _c1995
350 _a0
490 _aObserver
_v2 April 1995, 18
490 _aProperty Week
_v51(1) 6 April 1995, 19(2)
520 _aConsiders the implications for leaseholders considering buying the freehold of their homes, of a tribunal ruling which approves a management scheme for the Duke of Westminster`s Mayfair estate, including rights of entry and collection of management fees.
650 _aDUKE OF WESTMINSTER
650 _aESTATE MANAGEMENT
650 _aFREEHOLDS
650 _aGROSVENOR ESTATE
650 _aLEASEHOLD ENFRANCHISEMENT
650 _aLEASEHOLD REFORM ACT 1967
650 _aLEASEHOLD REFORM, HOUSING AND URBAN DEVELOPMENT ACT 1993
650 _aLEASEHOLDERS
650 _aMANAGEMENT SCHEME
650 _aMAYFAIR ESTATE
690 _aLANDLORD AND TENANT-LEASEHOLD REFORM
942 _n0
948 _c04/03/1997
999 _c29299
_d29299